000 00576nam a22001817a 4500
008 230515b |||||||| |||| 00| 0 eng d
020 _a9788170223160
040 _aNational Science Library
_cNational Science Library
080 _aR 058(540)
_bN0
100 _aAgrawal, Suren
_98931
245 _aInformation India, 1989-90:
_bGlobal view
260 _aNew Delhi:
_bConcept Pub. Co.,
_c1990
300 _aix, 530p.
490 _a Concepts in communication, informatics & librarianship
650 _aInformation science
700 _aAggarwal, J C
942 _2udc
_cBK
999 _c29968
_d29968